Northernmost U.S. States by Letter - Statistics

General Stats
  • This quiz has been taken 75 times
  • The average score is 16 of 19
Answer Stats
Letter Northernmost Point U.S. State % Correct
A 71.4° N Alaska
97%
G 35° Georgia
93%
I 49° Idaho
91%
H 28.4° Hawaii
87%
P 42.5° Pennsylvania
87%
D 39.8° Delaware
86%
K 40° Kansas
86%
M 49.4° Minnesota
86%
F 31° Florida
84%
C 42.1° Connecticut
83%
O 46.3° Oregon
83%
R 42.2° Rhode Island
81%
N 49° North Dakota
80%
V 45° Vermont
79%
W 49° Washington
79%
U 42° Utah
77%
L 33° Louisiana
76%
T 36.7° Tennessee
76%
S 45.9° South Dakota
74%
No matching quizzes found
Score Distribution
Percent of People with Each Score
Percentile by Number Answered
Your Score History
You have not taken this quiz